जंगनामा गुरु गोविन्द सिंह (Record no. 354619)

MARC details
000 -LEADER
fixed length control field 00807nam a2200241Ia 4500
003 - CONTROL NUMBER IDENTIFIER
control field OSt
005 - DATE AND TIME OF LATEST TRANSACTION
control field 20220923222229.0
008 - FIXED-LENGTH DATA ELEMENTS--GENERAL INFORMATION
fixed length control field Pun
037 ## - SOURCE OF ACQUISITION
Terms of availability Textual
040 ## - CATALOGING SOURCE
Original cataloging agency ARTS
Transcribing agency ARTS
Language of cataloging Pun
041 ## - LANGUAGE CODE
Source of code Pun
Language code of text/sound track or separate title Pun
100 ## - MAIN ENTRY--PERSONAL NAME
Personal name गोयल, जयभगवान, अनु.
245 #0 - TITLE STATEMENT
Title जंगनामा गुरु गोविन्द सिंह
246 ## - VARYING FORM OF TITLE
Title proper/short title Janganāmā guru govinda sianha
260 ## - PUBLICATION, DISTRIBUTION, ETC.
Place of publication, distribution, etc. चंडीगड़
Name of publisher, distributor, etc. पंजाब विश्वविद्यालय
Date of publication, distribution, etc. 1967
650 ## - SUBJECT ADDED ENTRY--TOPICAL TERM
Topical term or geographic name entry element धर्मशास्त्र
942 ## - ADDED ENTRY ELEMENTS (KOHA)
Classification part Q8441:332xK66, 152K7
Koha item type Textual
Source of classification or shelving scheme Colon Classification (CC)
Holdings
Withdrawn status Lost status Damaged status Not for loan Home library Current library Date acquired Total Checkouts Full call number Barcode Date last seen Price effective from Koha item type
        Arts Library Arts Library 2022-09-23   Q8441:332xK66 152K7 ALP003615 2022-09-23 2022-09-23 Textual
Copyright @ Delhi University Library System